000
00227nam a22000857a 4500
008
160928b xxu||||| |||| 00| 0 eng d
100
_9
810
_a
Siddiqui.S.etal
245
_a
English Reader-2
260
_a
New Delhi
_b
APC. Publications
_c
2011
999
_c
3464
_d
3464